000 00677nam a22001937a 4500
999 _c12819
_d12819
008 250916b 2018 ||||| |||| 00| 0 eng d
020 _a8187134321
082 _a541
_bGHO
100 _aGhoshal, Amalendu
245 _aPhysical chemistry
_b(with solutions and answers)
250 _a7th ed.
260 _aMidnapore
_bBooks and allied (P) Ltd.
_c2018
300 _aii, 431+174 pgs.
650 _aLiquids : Surface tension, Viscosity
650 _aThermochemistry : Heats of reaction, Kirchoff's Equation
650 _aChemical Kinetics
650 _aElectrolytic Conduction : Transport Number, Conductance , Debye-Huckel-Onsagar Equation Ion-atmosphere
942 _cBK